Le pluriel des noms terminés en -ou dans la langue française - Statistiques

Statistiques générales
  • Ce quiz a été pris 83 fois
  • Le résultat moyen est 6 sur 7
Statistiques - réponses
Exceptions % Correct
hibou
92%
genou
90%
caillou
89%
chou
88%
pou
74%
bijou
60%
joujou
58%
Aucun quiz correspondant
Distribution des résultats
% des personnes avec chaque résultat
Percentile par nombre de réponses
Votre historique - résultats
Vous n’avez pas pris ce quiz